Exploiting future uncertainty creating value from risk /

Bibliographic Details
Main Author: Hillson, David, 1955-
Corporate Author: ProQuest (Firm)
Format: Electronic eBook
Language:English
Published: Burlington, Vt. : Gower Pub., 2010.
Subjects:
Online Access:Click to View
LEADER 01276nam a2200349 a 4500
001 EBC605143
003 MiAaPQ
005 20200520144314.0
006 m o d |
007 cr cn|||||||||
008 100916s2010 vtu sb 001 0 eng d
010 |z  2010937248 
020 |z 9781409423416 (hardback : alk. paper) 
020 |a 9781409423423 (electronic bk.) 
035 |a (MiAaPQ)EBC605143 
035 |a (Au-PeEL)EBL605143 
035 |a (CaPaEBR)ebr10428198 
035 |a (CaONFJC)MIL289274 
035 |a (OCoLC)689997331 
040 |a MiAaPQ  |c MiAaPQ  |d MiAaPQ 
050 4 |a HD61  |b .H55 2011 
100 1 |a Hillson, David,  |d 1955- 
245 1 0 |a Exploiting future uncertainty  |h [electronic resource] :  |b creating value from risk /  |c David Hillson. 
260 |a Burlington, Vt. :  |b Gower Pub.,  |c 2010. 
300 |a 220 p. 
504 |a Includes bibliographical references and index. 
533 |a Electronic reproduction. Ann Arbor, MI : ProQuest, 2015. Available via World Wide Web. Access may be limited to ProQuest affiliated libraries. 
650 0 |a Risk management. 
650 0 |a Strategic planning. 
655 4 |a Electronic books. 
710 2 |a ProQuest (Firm) 
856 4 0 |u https://ebookcentral.proquest.com/lib/matrademy/detail.action?docID=605143  |z Click to View